Widening the rental housing market (Record no. 112209)
[ view plain ]
| 000 -LEADER | |
|---|---|
| fixed length control field | 00936cad a2200217 4500 |
| 001 - CONTROL NUMBER | |
| control field | L152774 |
| 008 - FIXED-LENGTH DATA ELEMENTS--GENERAL INFORMATION | |
| fixed length control field | 110421n2010 000 0 eng u |
| 035 ## - SYSTEM CONTROL NUMBER | |
| System control number | (Sirsi) u152774 |
| 041 0# - LANGUAGE CODE | |
| Language code of text/sound track or separate title | eng |
| 050 04 - LIBRARY OF CONGRESS CALL NUMBER | |
| Classification number | 306.52 $2 18 |
| 100 1# - MAIN ENTRY--PERSONAL NAME | |
| Personal name | Davies, Abigail |
| 245 04 - TITLE STATEMENT | |
| Title | Widening the rental housing market |
| Medium | [electronic resource] |
| 260 ## - PUBLICATION, DISTRIBUTION, ETC. | |
| Place of publication, distribution, etc. | Coventry |
| Name of publisher, distributor, etc. | Chartered Institute of Housing |
| Date of publication, distribution, etc. | 2010 |
| 520 ## - SUMMARY, ETC. | |
| Summary, etc. | Investigates whether there is scope for social housing providers to provide more intermediate rented housing. Concludes that there is scope for current providers of social housing to widen their role and create a range of rented housing options to match local markets. |
| 590 ## - LOCAL NOTE (RLIN) | |
| Local note | KA |
| 651 #4 - SUBJECT ADDED ENTRY--GEOGRAPHIC NAME | |
| Geographic name | United Kingdom |
| Chronological subdivision | |
| 690 ## - LOCAL SUBJECT ADDED ENTRY--TOPICAL TERM (OCLC, RLIN) | |
| Topical term or geographic name as entry element | PROPERTY-RESIDENTIAL PROPERTY |
| 700 1# - ADDED ENTRY--PERSONAL NAME | |
| Personal name | Lupton, Mark |
| 856 40 - ELECTRONIC LOCATION AND ACCESS | |
| Uniform Resource Identifier | <a href="https://www.cih.org/policy/fpp-WideningRentaHousing-Aug10.pdf">https://www.cih.org/policy/fpp-WideningRentaHousing-Aug10.pdf</a> |
| Public note | View the report free of charge at www.cih.org. |
| 942 ## - ADDED ENTRY ELEMENTS (KOHA) | |
| Suppress in OPAC | 0 |
| Withdrawn status | Lost status | Source of classification or shelving scheme | Damaged status | Not for loan | Home library | Current library | Shelving location | Date acquired | Total Checkouts | Full call number | Barcode | Date last seen | Copy number | Price effective from | Koha item type |
|---|---|---|---|---|---|---|---|---|---|---|---|---|---|---|---|
| Dewey Decimal Classification | Virtual | Virtual | Online | 21/04/2011 | ONLINE PUBLICATION | 152774-2001 | 06/08/2019 | 1 | 06/08/2019 | Book |